| 000 | 00824cam a2200193 4500 | ||
|---|---|---|---|
| 001 | ABS60842 | ||
| 008 | 000000n1999 000 0 eng u | ||
| 035 | _a(Sirsi) u101351 | ||
| 100 | _aBenyon, L. | ||
| 245 | _aNiche work if you can get it. | ||
| 260 | _c1999 | ||
| 490 |
_aProperty Week _v64(26) 2 July 1999, 28-30(3) |
||
| 520 | _aExamines the trend for surveyors to leave well-established firms and set up business on their own in niche practices. Suggests that such a move may be prompted by the recent spate of mergers amongst the leading surveying firms, but is also due to the lure of greater financial returns and greater flexibility. | ||
| 650 | _aSMALL PRACTICES | ||
| 650 | _aSMALL FIRMS | ||
| 650 | _aPRACTICE MANAGEMENT | ||
| 690 | _aMANAGEMENT-BUSINESS MANAGEMENT-PROFESSIONAL PRACTICE | ||
| 942 | _n0 | ||
| 999 |
_c60497 _d60497 |
||